[Event "BL 1718 SF Deizisau - SV Hofheim"]
[Site "?"]
[Date "2017.11.11"]
[Round "3.4"]
[White "Heimann, Andreas"]
[Black "Margolin, Boris"]
[Result "1-0"]
[WhiteElo "2578"]
[BlackElo "2376"]
[PlyCount "67"]
[EventDate "2017.??.??"]

1. d4 d5 2. c4 e6 3. Nc3 a6 4. cxd5 exd5 5. Bf4 c6 6. e3 Bd6 7. Bxd6 Qxd6 8.
Bd3 Ne7 9. Qc2 g6 10. Nf3 Bg4 11. Ne5 Bf5 12. Qb3 b5 13. Bxf5 Nxf5 14. a4 b4
15. Ne4 Qe7 16. Ng3 Nxd4 17. exd4 f6 18. O-O fxe5 19. dxe5 O-O 20. f4 Kh8 21.
Rac1 a5 22. Qd3 Qe6 23. Ne2 Ra6 24. Nd4 Qe8 25. f5 gxf5 26. Nxf5 Qg6 27. e6
Qxe6 28. Rce1 Qf6 29. Nd4 Qh6 30. Rxf8+ Qxf8 31. Ne6 Qf6 32. Nc5 Ra7 33. Re8+
Kg7 34. Ne6+ 1-0

[Event "BL 1718 SF Deizisau - SV Hofheim"]
[Site "?"]
[Date "2017.11.11"]
[Round "3.5"]
[White "Zude, Erik"]
[Black "Kozul, Zdenko"]
[Result "1/2-1/2"]
[WhiteElo "2402"]
[BlackElo "2607"]
[PlyCount "130"]
[EventDate "2017.??.??"]

1. d4 Nf6 2. c4 g6 3. Nc3 Bg7 4. e4 d6 5. Nf3 O-O 6. Be2 Nbd7 7. O-O e5 8. Be3
c6 9. d5 c5 10. Ne1 Ne8 11. g4 f5 12. gxf5 gxf5 13. exf5 Nb6 14. Nf3 Bxf5 15.
Kh1 e4 16. Ng5 Qe7 17. Rg1 Kh8 18. Qd2 Nc7 19. Rad1 Rad8 20. Rg3 Nd7 21. Bg4
Ne5 22. Bxf5 Rxf5 23. Qe2 Rdf8 24. Ncxe4 h6 25. Ne6 Nxe6 26. dxe6 Rf3 27. Nxd6
Qxe6 28. Bxc5 Rxg3 29. fxg3 b6 30. Bb4 Qg4 31. Qxg4 Nxg4 32. Rd2 Ne3 33. h3
Rf1+ 34. Kh2 Ra1 35. Re2 Rxa2 36. Rxe3 Rxb2+ 37. Kh1 Rxb4 38. Re8+ Kh7 39. Re7
Kg6 40. Rxa7 Be5 41. Nc8 Kf5 42. Rb7 Rxc4 43. Nxb6 Rc1+ 44. Kg2 Rc2+ 45. Kf1
Bxg3 46. Nd5 Rf2+ 47. Kg1 Rd2 48. Rb3 Be5 49. Ne3+ Ke4 50. Nc4 Bd4+ 51. Kf1 Rc2
52. Nd6+ Kd5 53. Rd3 Ke5 54. Nb5 Bb6 55. Nc3 Rf2+ 56. Ke1 Rh2 57. Kf1 Rf2+ 58.
Ke1 Rb2 59. Kf1 Bd4 60. Ne2 Bc5 61. Nc3 Kf4 62. Na4 Rb1+ 63. Ke2 Bb4 64. Rf3+
Kg5 65. Rf1 Rb3 1/2-1/2

[Event "BL 1718 SF Deizisau - SV Hofheim"]
[Site "?"]
[Date "2017.11.11"]
[Round "3.6"]
[White "Graf, Alexander"]
[Black "Weber, Ulrich"]
[Result "1-0"]
[WhiteElo "2576"]
[BlackElo "2357"]
[PlyCount "71"]
[EventDate "2017.??.??"]

1. d4 Nf6 2. c4 g6 3. Nc3 Bg7 4. e4 d6 5. f3 O-O 6. Nge2 c5 7. d5 e6 8. Ng3
exd5 9. cxd5 a6 10. a4 Nbd7 11. Be2 h5 12. Bg5 Qc7 13. Qd2 Re8 14. O-O Nh7 15.
Bh6 Bh8 16. Rfc1 Qd8 17. Nf1 Ne5 18. Be3 h4 19. h3 g5 20. f4 gxf4 21. Bxf4 Ng6
22. Be3 f5 23. Bh5 Qf6 24. Nh2 Rf8 25. exf5 Bxf5 26. Rf1 Qe5 27. Rae1 Bd3 28.
Bg4 Rxf1+ 29. Nxf1 Bf5 30. Bxc5 Qf6 31. Ne4 Bxe4 32. Be6+ Kg7 33. Bd4 Ne5 34.
Rxe4 Ng5 35. Rf4 Qg6 36. Rg4 1-0

[Event "BL 1718 SF Deizisau - SV Hofheim"]
[Site "?"]
[Date "2017.11.11"]
[Round "3.7"]
[White "Armbruster, Alexander"]
[Black "Dautov, Rustem"]
[Result "0-1"]
[WhiteElo "2306"]
[BlackElo "2596"]
[PlyCount "66"]
[EventDate "2017.??.??"]

1. c4 e6 2. g3 Nf6 3. Bg2 d5 4. Nf3 dxc4 5. Qa4+ c6 6. Qxc4 b5 7. Qc2 Bb7 8. d4
Nbd7 9. O-O c5 10. a4 b4 11. Nbd2 Rc8 12. Qd3 Be7 13. dxc5 O-O 14. Qb5 Nxc5 15.
Qxb4 Ba6 16. Qd4 Bxe2 17. Re1 Ba6 18. Qxd8 Rfxd8 19. Ne5 Nd5 20. Ne4 Nb3 21.
Rb1 Bb4 22. Nc3 Nxc3 23. bxc3 Bxc3 24. Bg5 f6 25. Nc6 Bxe1 26. Nxd8 Rxd8 27.
Be3 Ba5 28. Bh3 Kf7 29. Rxb3 Rd1+ 30. Kg2 Bf1+ 31. Kf3 Bxh3 32. Rb7+ Kg6 33.
Rxa7 Rd5 0-1

[Event "BL 1718 SF Deizisau - SV Hofheim"]
[Site "?"]
[Date "2017.11.11"]
[Round "3.8"]
[White "Schlosser, Philipp"]
[Black "Burkart, Patrick"]
[Result "1-0"]
[WhiteElo "2503"]
[BlackElo "2302"]
[PlyCount "65"]
[EventDate "2017.??.??"]

1. Nf3 g6 2. e4 Bg7 3. d4 d6 4. Bc4 e6 5. Bb3 Ne7 6. O-O O-O 7. Re1 b6 8. c3
Bb7 9. Nbd2 c5 10. Nf1 Nbc6 11. Ng3 Rc8 12. a3 Qd7 13. Ba2 cxd4 14. cxd4 d5 15.
e5 Na5 16. h4 Nf5 17. h5 Rfe8 18. Nf1 gxh5 19. Bf4 Qb5 20. b4 Nc4 21. Bb1 Nb2
22. Qb3 Na4 23. Bd2 Rc4 24. Bxf5 exf5 25. Ng3 Bc8 26. Nxh5 Re6 27. Qe3 Qd7 28.
Nh4 Rg6 29. Nxg6 fxg6 30. Nf6+ Bxf6 31. exf6 Rc6 32. Qe7 Re6 33. f7+ 1-0

[Event "BL 1718 USV Dresden - SG Solingen"]
[Site "?"]
[Date "2017.11.12"]
[Round "4.1"]
[White "Harikrishna, Pentala"]
[Black "Almasi, Zoltan"]
[Result "1-0"]
[WhiteElo "2733"]
[BlackElo "2707"]
[PlyCount "101"]
[EventDate "2017.??.??"]

1. e4 e5 2. Nf3 Nc6 3. Bb5 Nf6 4. d3 Bc5 5. Bxc6 dxc6 6. Nbd2 Be6 7. O-O Nd7 8.
Nb3 Bxb3 9. axb3 O-O 10. Kh1 a5 11. Bg5 Be7 12. Bd2 b6 13. Bc3 Bf6 14. h3 Qe7
15. Nh2 Qe6 16. Qg4 Rfe8 17. Qg3 Nf8 18. Ng4 Ng6 19. Qf3 Be7 20. Qf5 Bd6 21.
Qxe6 fxe6 22. Ne3 Nf8 23. Nc4 Nd7 24. g3 Rf8 25. Kg2 c5 26. h4 Rae8 27. h5 h6
28. f3 Rf7 29. Rh1 Ref8 30. Raf1 Ra8 31. Ra1 Raf8 32. Rhf1 Re8 33. Kf2 Ref8 34.
Ke2 Kh7 35. Rf2 Kg8 36. g4 Ra8 37. Rg2 Raf8 38. Rf1 Kh7 39. g5 Rf4 40. gxh6
gxh6 41. Rg6 R8f6 42. Rg4 Rf7 43. Rf2 R4f6 44. Rg3 Rf4 45. Rg6 Nf8 46. Rfg2 Rh4
47. Nxe5 Rxh5 48. Rxh6+ Rxh6 49. Nxf7 Rh2 50. Rxh2+ Bxh2 51. Be5 1-0

[Event "BL 1718 USV Dresden - SG Solingen"]
[Site "?"]
[Date "2017.11.12"]
[Round "4.2"]
[White "Nisipeanu, Liviu-Dieter"]
[Black "Ragger, Markus"]
[Result "1/2-1/2"]
[WhiteElo "2672"]
[BlackElo "2659"]
[PlyCount "40"]
[EventDate "2017.??.??"]

1. d4 Nf6 2. Bf4 g6 3. Nf3 Bg7 4. e3 O-O 5. Be2 d6 6. h3 c5 7. Nbd2 Nc6 8. c3
cxd4 9. cxd4 e5 10. dxe5 dxe5 11. Bxe5 Nxe5 12. Nxe5 Nd5 13. Nd3 Bf5 14. e4 Re8
15. O-O Bxe4 16. Nxe4 Rxe4 17. Bf3 Rd4 18. Qb3 Qb6 19. Bxd5 Qxb3 20. Bxb3 Rxd3
1/2-1/2

[Event "BL 1718 USV Dresden - SG Solingen"]
[Site "?"]
[Date "2017.11.12"]
[Round "4.3"]
[White "Van Wely, Loek"]
[Black "Gajewski, Grzegorz"]
[Result "1-0"]
[WhiteElo "2663"]
[BlackElo "2630"]
[PlyCount "87"]
[EventDate "2017.??.??"]

1. Nf3 d5 2. g3 Nf6 3. Bg2 c5 4. O-O g6 5. c4 Bg7 6. cxd5 Nxd5 7. d4 cxd4 8.
Nxd4 O-O 9. Nc3 Nxc3 10. bxc3 Nc6 11. Nxc6 bxc6 12. Qa4 Bxc3 13. Rb1 Be6 14.
Bh6 Bg7 15. Bxg7 Kxg7 16. Bxc6 Rc8 17. Bf3 Rc7 18. Rfd1 Qc8 19. h4 Bf5 20. Qd4+
f6 21. Rb5 Qa6 22. a4 Rd7 23. Qa1 Rfd8 24. Rxd7 Rxd7 25. e4 Qc6 26. Qe1 Be6 27.
Kg2 Rd3 28. Qb4 Qd6 29. Qxd6 Rxd6 30. e5 Ra6 31. a5 fxe5 32. Rxe5 Kf6 33. Rc5
Rd6 34. g4 Rd4 35. Kg3 Ra4 36. g5+ Kf7 37. h5 gxh5 38. Bxh5+ Kf8 39. f4 Ra3+
40. Kf2 Bh3 41. f5 Rd3 42. Be2 Rd2 43. Ke3 Rd8 44. Kf4 1-0

[Event "BL 1718 USV Dresden - SG Solingen"]
[Site "?"]
[Date "2017.11.12"]
[Round "4.4"]
[White "Bartel, Mateusz"]
[Black "Ganguly, Surya Shekhar"]
[Result "1/2-1/2"]
[WhiteElo "2613"]
[BlackElo "2657"]
[PlyCount "43"]
[EventDate "2017.??.??"]

1. e4 c5 2. Nf3 e6 3. d4 cxd4 4. Nxd4 Nc6 5. Nc3 Qc7 6. Qd3 Nf6 7. Bg5 a6 8.
Nxc6 bxc6 9. O-O-O h6 10. Bd2 Rb8 11. Qg3 Qxg3 12. hxg3 Ng4 13. Be1 Bc5 14. Rd2
d5 15. f3 Ne3 16. Bd3 d4 17. Nd1 Nxd1 18. Rxd1 e5 19. Bc4 Bd6 20. g4 f6 21. Rd3
Ke7 22. Rb3 1/2-1/2

[Event "BL 1718 USV Dresden - SG Solingen"]
[Site "?"]
[Date "2017.11.12"]
[Round "4.5"]
[White "Smeets, Jan"]
[Black "Neef, Maximilian"]
[Result "1-0"]
[WhiteElo "2605"]
[BlackElo "2453"]
[PlyCount "73"]
[EventDate "2017.??.??"]

1. e4 e6 2. d4 d5 3. Nc3 dxe4 4. Nxe4 Bd7 5. Nf3 Bc6 6. Ned2 Nd7 7. Nc4 Bb5 8.
c3 Ngf6 9. a4 Ba6 10. b4 Bxc4 11. Bxc4 a5 12. bxa5 Rxa5 13. Qb3 Bd6 14. Qxb7
O-O 15. O-O Qe7 16. Qb1 Rfa8 17. Bb3 Rb8 18. Qc2 Rf5 19. Re1 Rxf3 20. gxf3 Nh5
21. Re4 Qf6 22. Bc4 Qg6+ 23. Kh1 Nhf6 24. Bf1 Nxe4 25. fxe4 e5 26. a5 Nf6 27.
Bg2 Qh5 28. h3 g5 29. Qd2 h6 30. Kg1 exd4 31. cxd4 Bf4 32. Qd3 Bxc1 33. Rxc1 g4
34. e5 Qg5 35. Qe3 Qxe3 36. fxe3 gxh3 37. Bf3 1-0

[Event "BL 1718 USV Dresden - SG Solingen"]
[Site "?"]
[Date "2017.11.12"]
[Round "4.6"]
[White "Moehn, Hans"]
[Black "Nikolic, Predrag"]
[Result "0-1"]
[WhiteElo "2368"]
[BlackElo "2586"]
[PlyCount "92"]
[EventDate "2017.??.??"]

1. Nf3 Nf6 2. g3 b5 3. Bg2 Bb7 4. O-O e6 5. b3 c5 6. c4 a6 7. Nc3 Qb6 8. e3 Be7
9. Qe2 Bc6 10. d3 O-O 11. e4 d6 12. Ne1 b4 13. Nb1 a5 14. Bb2 a4 15. Nd2 axb3
16. axb3 Rxa1 17. Bxa1 Bb7 18. Nc2 Nc6 19. Bb2 Ra8 20. Ra1 Rxa1+ 21. Bxa1 Nd7
22. Qd1 Qa7 23. Bb2 Bf6 24. Bxf6 Nxf6 25. Qa1 Qxa1+ 26. Nxa1 Nd4 27. f3 Nd7 28.
Kf2 Ne5 29. Bf1 f5 30. Be2 g5 31. Nf1 Kg7 32. h3 Kf6 33. Ne3 Ng6 34. Ng2 h5 35.
Bd1 h4 36. g4 fxg4 37. fxg4 Ke5 38. Ke3 d5 39. exd5 exd5 40. Ne1 Nf4 41. Bf3
Nxh3 42. Bxd5 Bxd5 43. cxd5 Kxd5 44. Nac2 Nxc2+ 45. Nxc2 Nf4 46. Ne1 Ng2+ 0-1

[Event "BL 1718 USV Dresden - SG Solingen"]
[Site "?"]
[Date "2017.11.12"]
[Round "4.7"]
[White "Sandipan, Chanda"]
[Black "Loxine, Jakov"]
[Result "1-0"]
[WhiteElo "2555"]
[BlackElo "2409"]
[PlyCount "73"]
[EventDate "2017.??.??"]

1. d4 Nf6 2. c4 g6 3. Nc3 Bg7 4. e4 d6 5. Be2 O-O 6. Bg5 h6 7. Be3 Nbd7 8. Nf3
e5 9. O-O Re8 10. d5 Ng4 11. Bd2 f5 12. g3 Ngf6 13. exf5 gxf5 14. Qc1 Kh7 15.
Nh4 Nc5 16. Qc2 e4 17. b4 Na6 18. Nb5 Re5 19. Bc3 Qe7 20. f4 exf3 21. Bxf3 Ne4
22. Bxe5 Qxe5 23. Bxe4 fxe4 24. Rae1 Nxb4 25. Qxe4+ Qxe4 26. Rxe4 Bh3 27. Rf7
Kg8 28. Rfe7 Rf8 29. Re8 Rxe8 30. Rxe8+ Kf7 31. Rb8 a6 32. Nxd6+ cxd6 33. Rxb7+
Kg8 34. Rxb4 Bd4+ 35. Kh1 Kf7 36. Ra4 Bc8 37. Ra3 1-0

[Event "BL 1718 USV Dresden - SG Solingen"]
[Site "?"]
[Date "2017.11.12"]
[Round "4.8"]
[White "Hoffmann, Paul"]
[Black "Naumann, Alexander"]
[Result "1/2-1/2"]
[WhiteElo "2384"]
[BlackElo "2563"]
[PlyCount "56"]
[EventDate "2017.??.??"]

1. e4 e5 2. Bc4 Nf6 3. d3 Nc6 4. Nf3 Be7 5. O-O O-O 6. Bb3 d6 7. c3 Na5 8. Bc2
c5 9. h3 h6 10. Nbd2 Nc6 11. Re1 Re8 12. d4 cxd4 13. cxd4 exd4 14. Nb3 Nb4 15.
Bb1 d3 16. Nbd4 Bf8 17. a3 Na6 18. b4 Nxe4 19. Qxd3 d5 20. Bb2 Qb6 21. Re2 Nc7
22. Nd2 Qg6 23. Nxe4 dxe4 24. Rxe4 Bxh3 25. Qf3 Rxe4 26. Bxe4 Bg4 27. Bxg6 Bxf3
28. Bxf7+ Kxf7 1/2-1/2

[Event "BL 1718 Schachfreunde Berlin - DJK Aach"]
[Site "?"]
[Date "2017.11.12"]
[Round "4.1"]
[White "Iturrizaga Bonelli, Eduardo"]
[Black "Mista, Aleksander"]
[Result "1-0"]
[WhiteElo "2665"]
[BlackElo "2595"]
[PlyCount "65"]
[EventDate "2017.??.??"]

1. c4 c5 2. Nc3 Nc6 3. g3 g6 4. Bg2 Bg7 5. Nf3 d6 6. O-O e5 7. a3 Nge7 8. b4 e4
9. Ne1 Be6 10. Bxe4 Bxc4 11. Rb1 O-O 12. Bg2 Rc8 13. d3 Be6 14. Ne4 cxb4 15.
axb4 Nd5 16. b5 Nd4 17. Nf3 Nxf3+ 18. Bxf3 Qb6 19. Bd2 Bh3 20. Ng5 Bxf1 21.
Bxd5 h6 22. Nxf7 Qd4 23. Ba2 Bxe2 24. Qxe2 Kh7 25. Bb4 Rfe8 26. Qd1 Bf8 27. Qf3
Rc2 28. Bb3 Rc7 29. Bd5 Rec8 30. Kg2 Rc2 31. Bxb7 R8c7 32. Nd8 Rxb7 33. Nxb7
1-0

[Event "BL 1718 Schachfreunde Berlin - DJK Aach"]
[Site "?"]
[Date "2017.11.12"]
[Round "4.2"]
[White "Schneider, Ilja"]
[Black "Bindrich, Falko"]
[Result "1/2-1/2"]
[WhiteElo "2506"]
[BlackElo "2598"]
[PlyCount "41"]
[EventDate "2017.??.??"]

1. e4 c5 2. c3 d5 3. exd5 Qxd5 4. Nf3 Nf6 5. Na3 Nc6 6. Be2 e5 7. O-O e4 8. Ne1
Be6 9. d3 O-O-O 10. Qa4 Bd6 11. dxe4 Qxe4 12. Qxe4 Nxe4 13. Nf3 Rhe8 14. Be3 h6
15. Bc4 f5 16. Rad1 f4 17. Bc1 Ng5 18. Nxg5 hxg5 19. Rfe1 Ne5 20. Bxe6+ Rxe6
21. Nc4 1/2-1/2

[Event "BL 1718 Schachfreunde Berlin - DJK Aach"]
[Site "?"]
[Date "2017.11.12"]
[Round "4.3"]
[White "Handke, Florian"]
[Black "Baldauf, Marco"]
[Result "1/2-1/2"]
[WhiteElo "2525"]
[BlackElo "2483"]
[PlyCount "102"]
[EventDate "2017.??.??"]

1. e4 c6 2. d4 d5 3. Nd2 dxe4 4. Nxe4 Bf5 5. Ng3 Bg6 6. h4 h6 7. Nf3 e6 8. Ne5
Bh7 9. Bd3 Bxd3 10. Qxd3 Nd7 11. f4 Be7 12. Bd2 Nxe5 13. fxe5 Bxh4 14. O-O-O
Bxg3 15. Qxg3 Ne7 16. Qxg7 Rg8 17. Qh7 Rxg2 18. Kb1 Nf5 19. Bxh6 Ke7 20. Bd2
Qg8 21. Qh3 Qg3 22. Bb4+ Kd7 23. Qxg3 Rxg3 24. Rh7 Rg7 25. Rxg7 Nxg7 26. Rh1
Nf5 27. a4 Rg8 28. c3 Ne3 29. Rh7 Ke8 30. Ka2 Nc4 31. Rh2 a5 32. Bc5 b6 33. Kb3
b5 34. Ka2 Rg3 35. b3 Ne3 36. Bb6 bxa4 37. Rh8+ Kd7 38. Bxa5 Nd5 39. Kb2 a3+
40. Kxa3 Nxc3 41. Bxc3 Rxc3 42. Kb4 Rd3 43. Kc4 Rf3 44. Rf8 Kc7 45. Re8 Kd7 46.
Ra8 Kc7 47. Ra7+ Kb6 48. Rd7 Rf1 49. Kd3 Rf3+ 50. Ke4 Rf1 51. Rd8 c5 1/2-1/2

[Event "BL 1718 Schachfreunde Berlin - DJK Aach"]
[Site "?"]
[Date "2017.11.12"]
[Round "4.4"]
[White "Abel, Dennes"]
[Black "Zaragatski, Ilja"]
[Result "1-0"]
[WhiteElo "2458"]
[BlackElo "2495"]
[PlyCount "97"]
[EventDate "2017.??.??"]

1. Nf3 f5 2. b3 d6 3. d4 Nf6 4. Bb2 g6 5. g3 Bg7 6. Bg2 O-O 7. c4 Ne4 8. Qc2
Nd7 9. d5 Ndf6 10. O-O e5 11. dxe6 Bxe6 12. Nc3 Qe7 13. Rad1 c6 14. Nxe4 Nxe4
15. Bxg7 Kxg7 16. Nd2 d5 17. cxd5 Bxd5 18. Nxe4 fxe4 19. Qc3+ Qf6 20. Qb4 Rf7
21. f4 a5 22. Qd4 Re7 23. Qxf6+ Kxf6 24. Rd4 b5 25. a3 Bxb3 26. Bxe4 Rc8 27.
Bd3 Be6 28. e4 Rd7 29. Rxd7 Bxd7 30. Rb1 Rb8 31. Kf2 c5 32. e5+ Ke7 33. Ke3 a4
34. g4 b4 35. f5 gxf5 36. gxf5 b3 37. f6+ Ke6 38. Kf4 Bb5 39. Bf5+ Kf7 40. Rg1
Bc4 41. Rg7+ Kf8 42. e6 Rb6 43. Ke5 b2 44. Rxh7 Bxe6 45. Bxe6 Rxe6+ 46. Kxe6
Kg8 47. Rg7+ Kh8 48. Rb7 c4 49. Rxb2 1-0

[Event "BL 1718 Schachfreunde Berlin - DJK Aach"]
[Site "?"]
[Date "2017.11.12"]
[Round "4.5"]
[White "Burg, Twan"]
[Black "Seyb, Alexander"]
[Result "1/2-1/2"]
[WhiteElo "2514"]
[BlackElo "2403"]
[PlyCount "52"]
[EventDate "2017.??.??"]

1. e4 e5 2. Nf3 Nf6 3. Nxe5 d6 4. Nf3 Nxe4 5. Nc3 Nxc3 6. dxc3 Be7 7. Be3 O-O
8. Qd2 Nd7 9. O-O-O c6 10. c4 Ne5 11. Qc3 Nxf3 12. gxf3 Bf6 13. Bd4 Bxd4 14.
Qxd4 Be6 15. Rg1 g6 16. a3 d5 17. c5 b6 18. f4 bxc5 19. Qxc5 Qb6 20. Qxb6 axb6
21. Bd3 Ra4 22. f5 Bd7 23. c4 dxc4 24. Bc2 Ra7 25. Rd6 Re8 26. f6 Re6 1/2-1/2

[Event "BL 1718 Schachfreunde Berlin - DJK Aach"]
[Site "?"]
[Date "2017.11.12"]
[Round "4.6"]
[White "Schmidek, Emil"]
[Black "Swinkels, Robin"]
[Result "0-1"]
[WhiteElo "2387"]
[BlackElo "2486"]
[PlyCount "88"]
[EventDate "2017.??.??"]

1. e4 e5 2. Nf3 Nc6 3. Bb5 Nf6 4. d3 Bc5 5. O-O d6 6. c3 O-O 7. Bg5 h6 8. Bh4
g5 9. Bg3 Bg4 10. h3 Bh5 11. Bxc6 bxc6 12. Nbd2 Qd7 13. Qa4 Bb6 14. Rfe1 Bxf3
15. Nxf3 Nh5 16. Kh2 Rae8 17. d4 f5 18. exf5 e4 19. Nd2 d5 20. Nf1 Qxf5 21.
Qxc6 Re6 22. Qd7 Nf6 23. Qa4 h5 24. Ne3 Qg6 25. c4 h4 26. Be5 g4 27. g3 Qh5 28.
Rg1 Rxe5 29. dxe5 Qxe5 30. Kh1 Bxe3 31. fxe3 hxg3 32. Raf1 Rf7 33. Rf4 Rg7 34.
h4 Nh5 35. cxd5 Nxf4 36. exf4 Qxd5 37. Rxg3 e3+ 38. Kg1 Re7 39. Rxg4+ Kh8 40.
Rg5 e2 41. Rxd5 e1=Q+ 42. Kg2 Qe2+ 43. Kg1 Qg4+ 44. Kf1 Qf3+ 0-1

[Event "BL 1718 Schachfreunde Berlin - DJK Aach"]
[Site "?"]
[Date "2017.11.12"]
[Round "4.7"]
[White "Hoffmann, Michael"]
[Black "Lauber, Arnd"]
[Result "1/2-1/2"]
[WhiteElo "2462"]
[BlackElo "2423"]
[PlyCount "43"]
[EventDate "2017.??.??"]

1. d4 Nf6 2. c4 e6 3. Nc3 Bb4 4. Qc2 O-O 5. e4 Bxc3+ 6. bxc3 d6 7. Bd3 e5 8.
Ne2 c5 9. O-O Nc6 10. dxc5 dxc5 11. Ng3 Ne8 12. Nf5 Bxf5 13. exf5 Nd6 14. Be3
b6 15. Rad1 Qf6 16. g4 h6 17. Be2 Na5 18. Qa4 Ne4 19. Qc2 Nd6 20. Qa4 Ne4 21.
Qc2 Nd6 22. Qa4 1/2-1/2

[Event "BL 1718 Schachfreunde Berlin - DJK Aach"]
[Site "?"]
[Date "2017.11.12"]
[Round "4.8"]
[White "Thiede, Lars"]
[Black "Santos Ruiz, Miguel"]
[Result "1/2-1/2"]
[WhiteElo "2411"]
[BlackElo "2508"]
[PlyCount "42"]
[EventDate "2017.??.??"]

1. g3 d5 2. Bg2 Nf6 3. Nf3 Bf5 4. b3 e6 5. O-O Be7 6. Bb2 h6 7. d3 O-O 8. Nbd2
Bh7 9. Ne5 Nbd7 10. Nxd7 Qxd7 11. e4 dxe4 12. Nxe4 Nxe4 13. Bxe4 Bxe4 14. dxe4
Qxd1 15. Rfxd1 Rfd8 16. f3 h5 17. Be5 Rxd1+ 18. Rxd1 Rd8 19. Rxd8+ Bxd8 20. Kf2
Kf8 21. Ke2 g6 1/2-1/2

[Event "BL 1718 OSG Baden Baden - FC Bayern Mü"]
[Site "?"]
[Date "2017.11.12"]
[Round "4.1"]
[White "Studer, Noel"]
[Black "Wojtaszek, Radoslaw"]
[Result "1/2-1/2"]
[WhiteElo "2471"]
[BlackElo "2737"]
[PlyCount "95"]
[EventDate "2017.??.??"]

1. d4 Nf6 2. c4 g6 3. Nc3 d5 4. cxd5 Nxd5 5. e4 Nxc3 6. bxc3 Bg7 7. Qa4+ Nd7 8.
Nf3 O-O 9. Be2 c5 10. O-O Qc7 11. Rd1 a6 12. Qa3 Rb8 13. Bg5 Re8 14. e5 b5 15.
Qc1 cxd4 16. cxd4 Qxc1 17. Raxc1 Nb6 18. Nd2 Be6 19. Nb3 Bd5 20. Nc5 Bc4 21.
Bxc4 bxc4 22. Nxa6 Rbc8 23. Nc5 Ra8 24. Rc2 f6 25. Be3 Nd5 26. Rxc4 Rxa2 27.
Ne6 fxe5 28. Nxg7 Kxg7 29. dxe5 Nxe3 30. fxe3 Rb8 31. Rf1 h5 32. Rcf4 Rbb2 33.
R4f2 Rxf2 34. Rxf2 Ra1+ 35. Rf1 Rxf1+ 36. Kxf1 Kf7 37. Kf2 Ke6 38. Kf3 Kxe5 39.
h4 g5 40. g4 hxg4+ 41. Kxg4 gxh4 42. Kxh4 Kf5 43. Kg3 Ke4 44. Kf2 Kd3 45. Kf3
e5 46. e4 Kd4 47. Kf2 Kxe4 48. Ke2 1/2-1/2

[Event "BL 1718 OSG Baden Baden - FC Bayern Mü"]
[Site "?"]
[Date "2017.11.12"]
[Round "4.3"]
[White "Fedorovsky, Michael"]
[Black "Vallejo Pons, Francisco"]
[Result "0-1"]
[WhiteElo "2478"]
[BlackElo "2714"]
[PlyCount "52"]
[EventDate "2017.??.??"]

1. e4 e5 2. Nc3 Nf6 3. f4 d5 4. fxe5 Nxe4 5. Qf3 Nxc3 6. bxc3 c5 7. Bb5+ Nc6 8.
Ne2 Be7 9. O-O O-O 10. d4 cxd4 11. cxd4 Nxe5 12. dxe5 Qb6+ 13. Kh1 Qxb5 14. Nc3
Qc4 15. Nxd5 Bc5 16. Bf4 Bd7 17. Rad1 Bc6 18. Rd3 Rad8 19. Nf6+ Kh8 20. Qh5
Bxg2+ 21. Kxg2 Qxc2+ 22. Bd2 Qxd3 23. Bg5 Be7 24. Nxh7 Qxh7 25. Qxh7+ Kxh7 26.
Bxe7 Rd2+ 0-1

[Event "BL 1718 OSG Baden Baden - FC Bayern Mü"]
[Site "?"]
[Date "2017.11.12"]
[Round "4.4"]
[White "Bacrot, Etienne"]
[Black "Lindgren, Philip"]
[Result "1-0"]
[WhiteElo "2723"]
[BlackElo "2380"]
[PlyCount "83"]
[EventDate "2017.??.??"]

1. e4 e5 2. Nf3 Nc6 3. Bb5 a6 4. Ba4 Nf6 5. O-O Be7 6. d3 b5 7. Bb3 d6 8. a3
Be6 9. Nc3 Nd4 10. Nxd4 exd4 11. Ne2 c5 12. Ng3 h5 13. Bxe6 fxe6 14. f4 h4 15.
Nh1 h3 16. g4 Nd7 17. g5 e5 18. Ng3 exf4 19. Bxf4 Ne5 20. Bxe5 dxe5 21. Qf3 Qd6
22. Qf7+ Kd7 23. Nf5 Qe6 24. Qxe6+ Kxe6 25. Nxg7+ Kd7 26. Rf7 Rag8 27. Nf5
Rxg5+ 28. Kh1 Re8 29. Rg1 Rxg1+ 30. Kxg1 Ke6 31. Rxe7+ Rxe7 32. Nxe7 Kxe7 33.
Kf2 Kf6 34. b4 c4 35. Kf3 Kg5 36. dxc4 bxc4 37. a4 Kf6 38. b5 axb5 39. a5 b4
40. Ke2 b3 41. cxb3 cxb3 42. Kd2 1-0

[Event "BL 1718 OSG Baden Baden - FC Bayern Mü"]
[Site "?"]
[Date "2017.11.12"]
[Round "4.5"]
[White "Vidonyak, Roman"]
[Black "Naiditsch, Arkadij"]
[Result "0-1"]
[WhiteElo "2436"]
[BlackElo "2702"]
[PlyCount "54"]
[EventDate "2017.??.??"]

1. d4 Nf6 2. c4 g6 3. Nc3 Bg7 4. e4 d6 5. Be2 O-O 6. Bg5 Na6 7. Qd2 e5 8. d5 c6
9. f3 cxd5 10. cxd5 Bd7 11. Bxa6 bxa6 12. Nge2 Qb6 13. Be3 Qb7 14. O-O Nh5 15.
b3 f5 16. Rac1 f4 17. Bf2 g5 18. Na4 g4 19. Bh4 Bf6 20. Qe1 gxf3 21. Rxf3 Bg4
22. Rfc3 Qg7 23. Rc7 Qg6 24. Bxf6 Rxf6 25. R7c4 Raf8 26. R1c2 f3 27. gxf3 Bh3+
0-1

[Event "BL 1718 OSG Baden Baden - FC Bayern Mü"]
[Site "?"]
[Date "2017.11.12"]
[Round "4.6"]
[White "Kasimdzhanov, Rustam"]
[Black "Meister, Peter"]
[Result "1/2-1/2"]
[WhiteElo "2676"]
[BlackElo "2377"]
[PlyCount "84"]
[EventDate "2017.??.??"]

1. e4 e6 2. d4 d5 3. Nd2 h6 4. Bd3 c5 5. Ngf3 Nf6 6. e5 Nfd7 7. c3 Nc6 8. O-O
g5 9. h3 h5 10. g4 hxg4 11. hxg4 Qb6 12. Qa4 Be7 13. Re1 Kf8 14. Kg2 f6 15.
exf6 Nxf6 16. dxc5 Qc7 17. Bb5 e5 18. Bxc6 e4 19. Bxd5 exf3+ 20. Nxf3 Nxd5 21.
Ne5 Bf6 22. Qe4 Ne7 23. f4 Be6 24. c4 Bxe5 25. Qxe5 Qxe5 26. Rxe5 Bxg4 27. fxg5
Ng6 28. Rd5 Re8 29. Bd2 Re2+ 30. Kg3 Be6 31. Rd8+ Ke7 32. Rxh8 Nxh8 33. Bc3 Ng6
34. Bf6+ Ke8 35. b3 a5 36. Kf3 Rh2 37. Ke3 a4 38. Kd4 Rh3 39. c6 bxc6 40. Kc5
axb3 41. axb3 Rxb3 42. Ra8+ Kf7 1/2-1/2

[Event "BL 1718 OSG Baden Baden - FC Bayern Mü"]
[Site "?"]
[Date "2017.11.12"]
[Round "4.7"]
[White "Rafiee, Makan"]
[Black "Gustafsson, Jan"]
[Result "1/2-1/2"]
[WhiteElo "2322"]
[BlackElo "2640"]
[PlyCount "50"]
[EventDate "2017.??.??"]

1. e4 e5 2. Nf3 Nc6 3. Bb5 a6 4. Ba4 Nf6 5. O-O Be7 6. Re1 b5 7. Bb3 O-O 8. a4
b4 9. d4 d6 10. dxe5 Nxe5 11. Nbd2 Nfd7 12. Nd4 Bb7 13. Nc4 Nxc4 14. Bxc4 Bf6
15. Bd5 Qc8 16. Nc6 a5 17. Qg4 Kh8 18. Bg5 Bxc6 19. Bxf6 gxf6 20. Bxc6 Ne5 21.
Qf4 Nxc6 22. Qxf6+ Kg8 23. Qg5+ Kh8 24. Qf6+ Kg8 25. Qg5+ Kh8 1/2-1/2

[Event "BL 1718 OSG Baden Baden - FC Bayern Mü"]
[Site "?"]
[Date "2017.11.12"]
[Round "4.8"]
[White "Nielsen, Peter Heine"]
[Black "Gretz, Denis"]
[Result "1-0"]
[WhiteElo "2639"]
[BlackElo "2309"]
[PlyCount "92"]
[EventDate "2017.??.??"]

1. d4 f5 2. Nf3 Nf6 3. c4 d6 4. Nc3 g6 5. Bf4 Bg7 6. e3 O-O 7. c5 Kh8 8. Bc4
Nc6 9. O-O Ne4 10. cxd6 exd6 11. h3 Ne7 12. Rc1 Ng8 13. Qc2 Ngf6 14. Be2 c6 15.
Bh2 Qe7 16. Nxe4 Nxe4 17. b4 Be6 18. b5 Rac8 19. bxc6 bxc6 20. Nd2 Nxd2 21.
Qxd2 Bd5 22. Bc4 Qe6 23. Qc2 g5 24. Rfe1 Bxc4 25. Qxc4 Qd7 26. d5 c5 27. Qa6 f4
28. exf4 gxf4 29. Re6 Be5 30. Kh1 Rb8 31. g4 Rb6 32. Qe2 Qg7 33. f3 Rb2 34. Rc2
Rxc2 35. Qxc2 Qb7 36. Qe4 Rb8 37. Bg1 Kg8 38. h4 Qb2 39. Re7 Kf8 40. Qxh7 Bg7
41. Rxa7 Qe5 42. Qg6 Kg8 43. g5 Qc3 44. Qf7+ Kh8 45. Qh5+ Kg8 46. Bf2 c4 1-0